[Event "4NCL Division Four"]
[Site "Daventry, ENG"]
[Date "2022.11.06"]
[Round "2.51"]
[White "Waddington, Mike P"]
[Black "Rosenbach, Martin"]
[Result "1-0"]
[WhiteElo "2112"]
[BlackElo "1919"]
[PlyCount "102"]
[EventDate "2022.11.06"]
[WhiteTeam "Poole Patzers"]
[BlackTeam "Iceni 2"]

1. e4 e6 2. d4 d5 3. Bd3 b6 4. exd5 exd5 5. Nf3 Nf6 6. Ne5 Bb7 7. O-O Be7 8.
Bf4 O-O 9. Re1 Nbd7 10. Ba6 Nxe5 11. Bxb7 Ng6 12. Bxa8 Nxf4 13. Bc6 a6 14. Ba4
b5 15. Bb3 Bd6 16. Nd2 Qd7 17. Qf3 Ng4 18. Nf1 Qf5 19. Ne3 Nh3+ 20. Qxh3 Qxf2+
21. Kh1 Qxe1+ 22. Rxe1 Nf2+ 23. Kg1 Nxh3+ 24. gxh3 Re8 25. Bxd5 Bf4 26. Ng2
Rxe1+ 27. Nxe1 Be3+ 28. Kg2 Bxd4 29. Nd3 Kf8 30. b4 Bc3 31. a3 a5 32. Bc6 axb4
33. axb4 Ke7 34. Bxb5 Kd6 35. Bc4 f6 36. Bg8 h6 37. Kf3 Kc6 38. Ke4 Kb5 39. Kd5
c6+ 40. Kd6 f5 41. Be6 f4 42. Bd7 Bxb4+ 43. Nxb4 Kxb4 44. Bxc6 Kc3 45. Be4 f3
46. Bxf3 Kxc2 47. Ke6 Kd3 48. Kf7 g5 49. Kg6 Kd4 50. Kxh6 Ke5 51. Kxg5 Ke6 1-0

[Event "4NCL Division Four"]
[Site "Daventry, ENG"]
[Date "2022.11.06"]
[Round "2.52"]
[White "Gaffney, Samuel"]
[Black "Weatherlake, John P"]
[Result "1/2-1/2"]
[WhiteElo "1833"]
[BlackElo "2003"]
[PlyCount "34"]
[EventDate "2022.11.06"]
[WhiteTeam "Iceni 2"]
[BlackTeam "Poole Patzers"]

1. d4 Nf6 2. Nf3 d5 3. c4 e6 4. Nc3 Bb4 5. cxd5 exd5 6. Bg5 Qd6 7. Bxf6 Qxf6 8.
e3 c6 9. Rc1 O-O 10. h3 Re8 11. Bd3 Nd7 12. a3 Bd6 13. Qc2 Nf8 14. Kd2 b6 15.
Rce1 Bb7 16. Qb3 Rad8 17. Kc1 Ba8 1/2-1/2

[Event "4NCL Division Four"]
[Site "Daventry, ENG"]
[Date "2022.11.06"]
[Round "2.53"]
[White "Fuller, David Michael"]
[Black "Downham, Alan F"]
[Result "1-0"]
[WhiteElo "1960"]
[BlackElo "1905"]
[PlyCount "33"]
[EventDate "2022.11.06"]
[WhiteTeam "Poole Patzers"]
[BlackTeam "Iceni 2"]

1. e4 d6 2. d4 Nf6 3. Nc3 e5 4. Nf3 Nbd7 5. Rg1 c6 6. g4 h6 7. Be3 Qc7 8. Qd2
Nb6 9. h3 Be6 10. b3 Be7 11. g5 hxg5 12. Nxg5 Bd7 13. f4 Nh5 14. O-O-O f6 15.
Nf3 O-O-O 16. d5 cxd5 17. Bxb6 1-0

[Event "4NCL Division Four"]
[Site "Daventry, ENG"]
[Date "2022.11.06"]
[Round "2.54"]
[White "Donaghay, Richard H"]
[Black "Clancy, Martin J"]
[Result "1/2-1/2"]
[WhiteElo "1819"]
[BlackElo "1794"]
[PlyCount "42"]
[EventDate "2022.11.06"]
[WhiteTeam "Iceni 2"]
[BlackTeam "Poole Patzers"]

1. e4 c5 2. Nc3 Nc6 3. g3 g6 4. Bg2 Bg7 5. d3 d6 6. Nge2 e6 7. O-O Nge7 8. Bg5
h6 9. Be3 Qb6 10. Qd2 Nd4 11. Nd1 d5 12. c3 Nxe2+ 13. Qxe2 d4 14. cxd4 cxd4 15.
Bd2 O-O 16. f4 Bd7 17. Nf2 Rac8 18. b3 Rc2 19. Rfc1 Rfc8 20. Rxc2 Rxc2 21. Qd1
Qc7 1/2-1/2

[Event "4NCL Division Four"]
[Site "Daventry, ENG"]
[Date "2022.11.06"]
[Round "2.55"]
[White "Popovic, Dragi"]
[Black "Feavyour, John A"]
[Result "1/2-1/2"]
[WhiteElo "1696"]
[BlackElo "1855"]
[PlyCount "89"]
[EventDate "2022.11.06"]
[WhiteTeam "Poole Patzers"]
[BlackTeam "Iceni 2"]

1. e4 c5 2. d3 Nc6 3. Nf3 g6 4. c3 d5 5. Qe2 dxe4 6. dxe4 e5 7. g3 Bg7 8. Bg2
Nge7 9. O-O O-O 10. Nbd2 Qc7 11. a4 h6 12. h4 Bg4 13. Qe3 b6 14. Nh2 Bd7 15.
Re1 Rae8 16. Qe2 Be6 17. h5 g5 18. g4 Rd8 19. Ndf1 Na5 20. Ne3 Rd6 21. b4 Nb3
22. Rb1 c4 23. Rb2 Rfd8 24. Bf1 Rd3 25. Qc2 R3d6 26. Qe2 Qc6 27. b5 Qxe4 28.
Nxc4 Qxe2 29. Bxe2 Bxc4 30. Bxc4 Nc5 31. Rc2 Nxa4 32. Ra2 Nxc3 33. Rxa7 R6d7
34. Ra6 Rc7 35. Bf1 Ned5 36. Bb2 f6 37. Bxc3 Rxc3 38. Rd1 Rd6 39. Bg2 Rc5 40.
Bxd5+ Rcxd5 41. Rxd5 Rxd5 42. Rxb6 Rd1+ 43. Kg2 Rc1 44. Nf1 Bf8 45. Rxf6
1/2-1/2

[Event "4NCL Division Four"]
[Site "Daventry, ENG"]
[Date "2022.11.06"]
[Round "2.56"]
[White "Lovell, Steve"]
[Black "O'neill, Martin"]
[Result "1/2-1/2"]
[WhiteElo "1786"]
[BlackElo "1755"]
[PlyCount "54"]
[EventDate "2022.11.06"]
[WhiteTeam "Iceni 2"]
[BlackTeam "Poole Patzers"]

1. e4 c5 2. Nc3 a6 3. a4 e6 4. f4 d5 5. e5 b6 6. Nf3 d4 7. Ne4 Bb7 8. d3 Nh6 9.
Be2 Be7 10. O-O Nc6 11. Bd2 O-O 12. Neg5 Qd7 13. Qe1 f6 14. exf6 Bxf6 15. Bd1
Rae8 16. Qh4 e5 17. fxe5 Nxe5 18. Nxe5 Bxe5 19. Bh5 Qd5 20. Bf3 Qd7 21. Bxb7
Qxb7 22. Qh5 Qe7 23. Rae1 Rxf1+ 24. Rxf1 Rd8 25. Qf3 Bb8 26. Qe4 Qxe4 27. Nxe4
Ng4 1/2-1/2

[Event "4NCL Division Four"]
[Site "Daventry, ENG"]
[Date "2022.11.06"]
[Round "2.61"]
[White "Amato, Giampiero"]
[Black "Burgess, Jasmine"]
[Result "1-0"]
[WhiteElo "1954"]
[BlackElo "1758"]
[PlyCount "75"]
[EventDate "2022.11.06"]
[WhiteTeam "CSC/Kingston 2"]
[BlackTeam "She Plays To Win Uni"]

1. c4 e5 2. g3 Bc5 3. Bg2 f5 4. Nc3 Nf6 5. e3 Nc6 6. a3 a5 7. Nge2 O-O 8. O-O
Rb8 9. d4 exd4 10. exd4 Be7 11. Nf4 b6 12. Re1 Bd6 13. Nb5 Ne4 14. Nxd6 Nxd6
15. Bd5+ Kh8 16. b3 Qf6 17. Bb2 b5 18. c5 Nf7 19. Bg2 Bb7 20. Nh5 Qg6 21. d5
Nce5 22. Bxe5 Nxe5 23. Rxe5 d6 24. cxd6 cxd6 25. Re7 Rg8 26. Rc1 h6 27. Rcc7
Ba6 28. Nf4 Qf6 29. Rf7 Qb2 30. h4 Rbc8 31. Qh5 Qb1+ 32. Kh2 Rxc7 33. Rxc7 b4
34. Ng6+ Kh7 35. Ne7 Rf8 36. Qg6+ Kh8 37. Nxf5 Qb2 38. Rxg7 1-0

[Event "4NCL Division Four"]
[Site "Daventry, ENG"]
[Date "2022.11.06"]
[Round "2.62"]
[White "Ivanov, Elizabeth"]
[Black "Selemir, Maxim"]
[Result "0-1"]
[WhiteElo "1605"]
[BlackElo "1709"]
[PlyCount "76"]
[EventDate "2022.11.06"]
[WhiteTeam "She Plays To Win Uni"]
[BlackTeam "CSC/Kingston 2"]

1. e4 c5 2. Nc3 e6 3. f4 d5 4. Bb5+ Bd7 5. Bxd7+ Qxd7 6. d3 Nc6 7. Nf3 Be7 8.
a3 a6 9. O-O d4 10. Na4 Qc7 11. b3 b5 12. Nb2 Nf6 13. a4 O-O 14. Qe1 Nb4 15.
Qe2 Ng4 16. Ne1 Nf6 17. Rf3 Nd7 18. Rg3 Bh4 19. Rxg7+ Kxg7 20. Qg4+ Kh8 21.
Qxh4 Qd8 22. Qf2 f6 23. Bd2 Nc6 24. c3 e5 25. f5 dxc3 26. Bxc3 Nd4 27. b4 Rc8
28. bxc5 Nxc5 29. axb5 axb5 30. Ra7 Rg8 31. Ba5 Qd6 32. Bb4 Qb6 33. Rf7 Rg7 34.
Bxc5 Rxc5 35. Rxg7 Kxg7 36. h3 Rc1 37. Qg3+ Kh8 38. Kh2 Ne2 0-1

[Event "4NCL Division Four"]
[Site "Daventry, ENG"]
[Date "2022.11.06"]
[Round "2.63"]
[White "Eckert, Jonathan"]
[Black "Ravi, Vash"]
[Result "1/2-1/2"]
[WhiteElo "1720"]
[BlackElo "1576"]
[PlyCount "127"]
[EventDate "2022.11.06"]
[WhiteTeam "CSC/Kingston 2"]
[BlackTeam "She Plays To Win Uni"]

1. e4 e5 2. Nc3 c5 3. Bc4 Nc6 4. d3 d6 5. f4 Qh4+ 6. g3 Qd8 7. Nf3 Bg4 8. h3
Bxf3 9. Qxf3 Nd4 10. Qf2 exf4 11. Bxf4 Nf6 12. O-O-O Be7 13. e5 dxe5 14. Bxe5
O-O 15. g4 a6 16. Ne4 Ne8 17. Rhf1 Nf6 18. Bxf6 Bxf6 19. Nxf6+ Qxf6 20. Qxf6
gxf6 21. Rxf6 b5 22. Bd5 Ra7 23. Rdf1 a5 24. Kd2 Re7 25. Be4 Rd8 26. Rh6 Rxe4
27. dxe4 Nf5+ 28. Kc3 Nxh6 29. g5 Rd6 30. gxh6 Rxh6 31. Rf3 Rd6 32. b3 b4+ 33.
Kb2 Rd4 34. Re3 Kf8 35. a4 Ke7 36. Kc1 Ke6 37. c3 bxc3 38. Rxc3 Kd6 39. Rf3
Rxe4 40. Rxf7 Re3 41. Rxh7 Rxb3 42. Ra7 Rxh3 43. Rxa5 Kd5 44. Ra8 Kc4 45. Rg8
Kc3 46. Kb1 Kb3 47. Rb8+ Kxa4 48. Kc2 Rh6 49. Kc3 Rh4 50. Rb7 Rb4 51. Ra7+ Kb5
52. Rb7+ Ka5 53. Ra7+ Kb6 54. Ra8 Rh4 55. Rg8 Re4 56. Rb8+ Kc7 57. Rg8 Kd7 58.
Rg7+ Re7 59. Rg6 Re6 60. Rg7+ Kd6 61. Rg8 Kd5 62. Rd8+ Rd6 63. Rg8 Ke4 64. Kc4
1/2-1/2

[Event "4NCL Division Four"]
[Site "Daventry, ENG"]
[Date "2022.11.06"]
[Round "2.64"]
[White "Mohan, Meghana"]
[Black "Grey, Nicholas D"]
[Result "1-0"]
[WhiteElo "1499"]
[BlackElo "1719"]
[PlyCount "93"]
[EventDate "2022.11.06"]
[WhiteTeam "She Plays To Win Uni"]
[BlackTeam "CSC/Kingston 2"]

1. d4 Nf6 2. c4 c5 3. d5 b5 4. e3 Bb7 5. Nf3 g6 6. a3 Bg7 7. Nc3 a6 8. Bd3 d6
9. O-O O-O 10. e4 Nbd7 11. Re1 Ng4 12. h3 Nge5 13. Nxe5 Nxe5 14. cxb5 Nxd3 15.
Qxd3 axb5 16. Qxb5 Ba6 17. Qb3 Qa5 18. Bd2 Rfb8 19. Qc2 Qd8 20. Bf4 Bc8 21. e5
Bf5 22. Qc1 Rb6 23. e6 fxe6 24. dxe6 d5 25. Bh6 Bf6 26. Qd1 Bxe6 27. Na4 Bf7
28. Nxb6 Qxb6 29. Rb1 e5 30. Qd2 e4 31. b4 c4 32. Bg5 Bg7 33. Be7 Rxa3 34. Qf4
Ra8 35. Bc5 Qd8 36. f3 g5 37. Qe3 Bg6 38. fxe4 Bxe4 39. Rbc1 c3 40. Bd4 Ra2 41.
Bxg7 Kxg7 42. Re2 Rxe2 43. Qxe2 Qb6+ 44. Kh1 Qxb4 45. Qe3 c2 46. Qxg5+ Bg6 47.
Rxc2 1-0

[Event "4NCL Division Four"]
[Site "Daventry, ENG"]
[Date "2022.11.06"]
[Round "2.65"]
[White "Moss, Stephen"]
[Black "Khunda, Deema"]
[Result "1-0"]
[WhiteElo "1672"]
[BlackElo "1350"]
[PlyCount "97"]
[EventDate "2022.11.06"]
[WhiteTeam "CSC/Kingston 2"]
[BlackTeam "She Plays To Win Uni"]

1. e4 c5 2. d4 cxd4 3. c3 Nf6 4. e5 Nd5 5. cxd4 e6 6. Nf3 d6 7. Nc3 dxe5 8.
Nxe5 Bb4 9. Bd2 O-O 10. Bd3 Nf6 11. Bg5 Nbd7 12. O-O h6 13. Bh4 Be7 14. Rc1
Nxe5 15. dxe5 Nd7 16. Bxe7 Qxe7 17. f4 b6 18. Ne4 Bb7 19. Nd6 Bd5 20. Bc4 Bxc4
21. Rxc4 f6 22. Rc7 Qd8 23. Qc2 Nc5 24. Nb5 a6 25. Qg6 Nd7 26. Rd1 Rf7 27.
Qxf7+ Kxf7 28. Rdxd7+ Ke8 29. Rxd8+ Rxd8 30. Nd6+ Kf8 31. Rc8 Ke7 32. Rxd8 Kxd8
33. Kf2 f5 34. Ke3 Kd7 35. Kd4 h5 36. b4 g6 37. a4 h4 38. g3 hxg3 39. hxg3 Kd8
40. a5 Kc7 41. axb6+ Kxb6 42. Nf7 Kb5 43. Kc3 Kc6 44. Kc4 Kd7 45. Kc5 Kc7 46.
Ng5 Kd7 47. Kb6 Kc8 48. Kxa6 Kd7 49. b5 1-0

[Event "4NCL Division Four"]
[Site "Daventry, ENG"]
[Date "2022.11.06"]
[Round "2.66"]
[White "Nguyen, Thu-Nga"]
[Black "Cooke, Charlie"]
[Result "0-1"]
[WhiteElo "1300"]
[BlackElo "1756"]
[PlyCount "128"]
[EventDate "2022.11.06"]
[WhiteTeam "She Plays To Win Uni"]
[BlackTeam "CSC/Kingston 2"]

1. d4 d5 2. Nf3 Nf6 3. g3 e6 4. Bg2 c5 5. e3 Nc6 6. O-O Qc7 7. b3 b6 8. Bb2
cxd4 9. exd4 Ba6 10. Re1 Rd8 11. Nbd2 Be7 12. a3 O-O 13. c4 dxc4 14. Nxc4 Nd5
15. Rc1 Qd7 16. Nfe5 Nxe5 17. Nxe5 Qd6 18. Rc6 Qb8 19. Qg4 Nf6 20. Qf4 Bb7 21.
Rc2 Bxg2 22. Kxg2 Nd5 23. Qd2 Qb7 24. Kg1 Rc8 25. Rec1 Rxc2 26. Rxc2 a6 27. b4
b5 28. Nd3 Rc8 29. Nc5 Qa8 30. Qe2 Rc6 31. Qg4 Qe8 32. Bc1 g6 33. Bh6 Bf6 34.
h4 Bh8 35. h5 f5 36. Qh4 Bf6 37. Bg5 Bxg5 38. Qxg5 Qe7 39. Qxe7 Nxe7 40. hxg6
hxg6 41. Re2 Kf7 42. Kg2 Rd6 43. Nb3 Nc6 44. Rd2 e5 45. d5 Ne7 46. Nc5 e4 47.
Nb7 Rxd5 48. Nd6+ Ke6 49. Rxd5 Kxd5 50. Nb7 Nc6 51. Nc5 Nb8 52. Kf1 Kc4 53. Ke2
Kc3 54. Ke3 Kb2 55. Nxe4 fxe4 56. Kxe4 Kxa3 57. f4 Kxb4 58. f5 gxf5+ 59. Kxf5
a5 60. g4 Nc6 61. g5 a4 62. Ke6 a3 63. g6 a2 64. g7 a1=Q 0-1

[Event "4NCL Division Four"]
[Site "Daventry, ENG"]
[Date "2022.11.06"]
[Round "2.71"]
[White "Onley, David E"]
[Black "Robson, Ian A"]
[Result "1-0"]
[WhiteElo "2144"]
[BlackElo "2178"]
[PlyCount "111"]
[EventDate "2022.11.06"]
[WhiteTeam "War and Piece A"]
[BlackTeam "Wotton Hall"]

1. e4 e5 2. d4 exd4 3. Qxd4 Nc6 4. Qe3 Nf6 5. Nc3 Bb4 6. Bd2 O-O 7. O-O-O Re8
8. Qg3 Nxe4 9. Nxe4 Rxe4 10. c3 Bd6 11. f4 Bf8 12. Nf3 d5 13. Bd3 Re8 14. Ne5
Qf6 15. Rhe1 Re7 16. Ng4 Qd6 17. Qh4 f5 18. Ne3 Rf7 19. g4 Ne7 20. gxf5 Nxf5
21. Qh5 g6 22. Rg1 Bg7 23. Qf3 Nxe3 24. Bxe3 c6 25. h4 Bf5 26. h5 Bxd3 27. Rxd3
Raf8 28. hxg6 hxg6 29. Rd2 Rf6 30. Rdg2 Kf7 31. Rg4 c5 32. Kb1 Rd8 33. Bf2 Bh6
34. Qh3 Bg7 35. Bh4 Rh8 36. Qf3 Rxh4 37. Rxh4 Qe6 38. Rd1 Rf5 39. Rg4 Bh6 40.
Qh1 Rh5 41. Qg1 Qf5+ 42. Ka1 b6 43. Re1 Rh3 44. Qg2 Rd3 45. Rg1 Bg7 46. Rxg6
Bf6 47. Rh6 Re3 48. Qg8+ Ke7 49. Rh7+ Kd6 50. Qb8+ Kc6 51. Qxa7 Kb5 52. a4+ Kc4
53. Qa6+ Kb3 54. Qb5+ Kc2 55. Rh2+ Re2 56. Rxe2# 1-0

[Event "4NCL Division Four"]
[Site "Daventry, ENG"]
[Date "2022.11.06"]
[Round "2.72"]
[White "Ashworth, Michael"]
[Black "Tenin, Aleksander"]
[Result "1-0"]
[WhiteElo "2173"]
[BlackElo "2110"]
[PlyCount "51"]
[EventDate "2022.11.06"]
[WhiteTeam "Wotton Hall"]
[BlackTeam "War and Piece A"]

1. d4 Nf6 2. c4 Nc6 3. Nf3 d6 4. d5 Ne5 5. Nxe5 dxe5 6. Nc3 e6 7. Bg5 exd5 8.
cxd5 Bc5 9. e3 Qd6 10. Bb5+ Bd7 11. O-O Bxb5 12. Nxb5 Qb6 13. Qa4 O-O-O 14. b4
Be7 15. Rac1 Kb8 16. Rxc7 Bxb4 17. Rxf7 Rxd5 18. Qxb4 Rxb5 19. Rf8+ Rxf8 20.
Qxf8+ Kc7 21. Rc1+ Kd7 22. Qxg7+ Ke6 23. Qxf6+ Kd5 24. Qf7+ Ke4 25. f3+ Kd3 26.
Qc4+ 1-0

[Event "4NCL Division Four"]
[Site "Daventry, ENG"]
[Date "2022.11.06"]
[Round "2.73"]
[White "Barnes, David"]
[Black "Ashworth, Robert"]
[Result "0-1"]
[WhiteElo "1771"]
[BlackElo "1879"]
[PlyCount "94"]
[EventDate "2022.11.06"]
[WhiteTeam "War and Piece A"]
[BlackTeam "Wotton Hall"]

1. e4 e5 2. Nf3 Nc6 3. c3 Nf6 4. d4 Nxe4 5. d5 Ne7 6. Qe2 Nf6 7. Nxe5 d6 8.
Qb5+ Nd7 9. Nf3 c6 10. dxc6 bxc6 11. Qa4 Nc5 12. Qc2 Bf5 13. Qd1 Ng6 14. Be2
Ne5 15. O-O Be7 16. Nd4 Bd7 17. f4 Ng6 18. Be3 O-O 19. Qc2 Re8 20. Bf3 Bf6 21.
Qc1 Qe7 22. Bf2 Nd3 23. Qd2 Bxd4 24. Bxd4 Ngxf4 25. Na3 Ne2+ 26. Bxe2 Qxe2 27.
Rad1 Qxd2 28. Rxd2 d5 29. c4 Be6 30. cxd5 Bxd5 31. b3 h6 32. Nb1 a6 33. Nc3
Rad8 34. Bb6 Rb8 35. Bc5 Rbd8 36. Bb6 Rd7 37. Rfd1 Re5 38. Na4 Rde7 39. Bf2 Nf4
40. Nc3 Be6 41. Bg3 Re3 42. Bxf4 Rxc3 43. Rd8+ Kh7 44. Ra8 Bg4 45. Rd2 Be2 46.
Rad8 g5 47. Bd6 Rc1+ 0-1

[Event "4NCL Division Four"]
[Site "Daventry, ENG"]
[Date "2022.11.06"]
[Round "2.74"]
[White "Moldovan, Alexandru-Mitic"]
[Black "Ross, David C"]
[Result "1/2-1/2"]
[WhiteElo "1774"]
[BlackElo "1729"]
[PlyCount "70"]
[EventDate "2022.11.06"]
[WhiteTeam "Wotton Hall"]
[BlackTeam "War and Piece A"]

1. e4 e5 2. Nf3 Nc6 3. d4 exd4 4. c3 d6 5. Bc4 Ne5 6. Nxe5 dxe5 7. O-O Nf6 8.
Qb3 Qd7 9. cxd4 exd4 10. e5 Ne4 11. Re1 Qf5 12. f3 Nc5 13. Qd1 Be6 14. g4 Qg6
15. Qxd4 Rd8 16. Qf4 Be7 17. Be3 h5 18. Bxe6 Nxe6 19. Qg3 hxg4 20. Qxg4 Qh7 21.
Qg2 Qf5 22. Nc3 Qxe5 23. Bxa7 Qg5 24. Bf2 Kf8 25. Rad1 Qxg2+ 26. Kxg2 Nf4+ 27.
Kg3 Rxd1 28. Rxd1 Bd6 29. Kg4 Ne6 30. Bg3 Bxg3 31. hxg3 g6 32. f4 f5+ 33. Kf3
Rh2 34. b3 Rc2 35. Rd3 c6 1/2-1/2

[Event "4NCL Division Four"]
[Site "Daventry, ENG"]
[Date "2022.11.06"]
[Round "2.75"]
[White "Echavarria Hidalgo, Fernando"]
[Black "Blencowe, Ian P"]
[Result "1-0"]
[WhiteElo "1765"]
[BlackElo "1627"]
[PlyCount "107"]
[EventDate "2022.11.06"]
[WhiteTeam "War and Piece A"]
[BlackTeam "Wotton Hall"]

1. d4 d5 2. Nf3 c6 3. Bf4 Bf5 4. Nbd2 Nf6 5. e3 e6 6. Nh4 Bg6 7. Nxg6 hxg6 8.
c4 Ne4 9. Nxe4 dxe4 10. c5 Qa5+ 11. Qd2 Qxd2+ 12. Kxd2 Nd7 13. b4 Nf6 14. b5
Nd5 15. Bg3 a6 16. bxc6 bxc6 17. Rb1 Be7 18. Rb3 O-O 19. Bc4 Rfc8 20. Rhb1 Bd8
21. Ra3 a5 22. Bxd5 exd5 23. Rab3 Bc7 24. Bxc7 Rxc7 25. Rb8+ Rc8 26. Rxa8 Rxa8
27. Rb6 Rc8 28. Kc2 g5 29. Kb3 f5 30. g3 g4 31. Ka4 Kf7 32. Kxa5 Ra8+ 33. Ra6
Rh8 34. Ra7+ Ke6 35. Kb6 Rxh2 36. Kxc6 Rxf2 37. Kc7 Rf3 38. Kd8 Rxe3 39. c6
Rxg3 40. Rxg7 Rc3 41. c7 Kf6 42. Rd7 Ke6 43. a4 f4 44. a5 g3 45. a6 g2 46. Rg7
f3 47. a7 Kf6 48. Rg3 f2 49. Rxc3 g1=Q 50. Rc6+ Kf7 51. c8=Q Qg8+ 52. Kc7 Qg3+
53. Kb7 Qb3+ 54. Rb6 1-0

[Event "4NCL Division Four"]
[Site "Daventry, ENG"]
[Date "2022.11.06"]
[Round "2.76"]
[White "Munden, Matthew J"]
[Black "O'Byrne, Daniel"]
[Result "1-0"]
[WhiteElo "1566"]
[BlackElo "1750"]
[PlyCount "59"]
[EventDate "2022.11.06"]
[WhiteTeam "Wotton Hall"]
[BlackTeam "War and Piece A"]

1. e4 e5 2. Nf3 Nc6 3. Bc4 f5 4. Nc3 fxe4 5. Ng1 Nf6 6. Nd5 Bc5 7. Nh3 d6 8. c3
Bxh3 9. gxh3 Rf8 10. Rf1 Nxd5 11. Bxd5 Qh4 12. Qe2 Rf5 13. Bxc6+ bxc6 14. d4
exd3 15. Qd2 a5 16. a3 Kd7 17. b4 axb4 18. cxb4 Bd4 19. Bb2 Ba7 20. O-O-O Rf3
21. Rg1 Bxf2 22. Rxg7+ Ke6 23. Kb1 Bb6 24. Qc3 c5 25. Qb3+ d5 26. bxc5 Bxc5 27.
Qb7 Rd8 28. Qxc7 Bd6 29. Qa7 Rxh3 30. Qf7# 1-0

[Event "4NCL Division Four"]
[Site "Daventry, ENG"]
[Date "2022.11.06"]
[Round "2.81"]
[White "Nguyen, Anh"]
[Black "Burke, Steven J"]
[Result "0-1"]
[WhiteElo "1744"]
[BlackElo "1886"]
[PlyCount "112"]
[EventDate "2022.11.06"]
[WhiteTeam "Sussex Martlets 3"]
[BlackTeam "Ashfield 2"]

1. e4 c6 2. d4 d5 3. e5 c5 4. dxc5 e6 5. Be3 Nd7 6. Bb5 Qc7 7. b4 Qxe5 8. Nd2
Ngf6 9. Ngf3 Qc7 10. c3 Be7 11. O-O O-O 12. Bd4 a6 13. Bxd7 Nxd7 14. Qe2 Bf6
15. Rfe1 a5 16. a4 Bxd4 17. Nxd4 Nf6 18. Nb5 Qd8 19. Nb3 axb4 20. cxb4 Bd7 21.
a5 Bxb5 22. Qxb5 Qc7 23. g3 h5 24. f3 h4 25. Kf2 Nh5 26. Rg1 Qe5 27. Ra2 Qc3
28. Nd2 e5 29. Rb1 hxg3+ 30. hxg3 e4 31. Rb3 e3+ 32. Kg2 exd2 33. Rxc3 d1=Q 34.
Rcc2 Qe1 35. Rf2 Qe5 36. f4 Qe4+ 37. Rf3 Rfe8 38. Kf2 Qe1+ 39. Kg2 Qe4 40. Kf2
Qd4+ 41. Kg2 Re1 42. Raf2 Rae8 43. Qxb7 Qa1 44. Qb5 Rg1+ 45. Kh3 Rh1+ 46. Rh2
Rxh2+ 47. Kxh2 Re1 48. Qb8+ Kh7 49. Rf2 Rh1+ 50. Kg2 Qg1+ 51. Kf3 Qxg3+ 52. Ke2
Qg4+ 53. Ke3 Re1+ 54. Kd4 Qd1+ 55. Kc3 Re3+ 56. Kb2 Rb3+ 0-1

[Event "4NCL Division Four"]
[Site "Daventry, ENG"]
[Date "2022.11.06"]
[Round "2.82"]
[White "Combie, Alex B"]
[Black "Finn, Elizabeth"]
[Result "1-0"]
[WhiteElo "1881"]
[BlackElo "1663"]
[PlyCount "89"]
[EventDate "2022.11.06"]
[WhiteTeam "Ashfield 2"]
[BlackTeam "Sussex Martlets 3"]

1. d4 d5 2. c4 e6 3. Nf3 Nf6 4. g3 dxc4 5. Bg2 Nbd7 6. Nbd2 b5 7. Ne5 Nd5 8.
Nc6 Qf6 9. a4 Bb7 10. axb5 Bxc6 11. bxc6 N7b6 12. Ne4 Bb4+ 13. Kf1 Qe7 14. Bg5
f6 15. Bd2 O-O 16. Bxb4 Qxb4 17. Nc5 e5 18. Nd7 Nxd7 19. Bxd5+ Kh8 20. cxd7
Rad8 21. Bc6 Qb6 22. d5 f5 23. Kg2 f4 24. Rf1 e4 25. gxf4 Rxf4 26. e3 Rf6 27.
Qc2 Rxc6 28. dxc6 Qxc6 29. Rad1 Qe6 30. Qe2 h6 31. Rd4 Rxd7 32. Rfd1 Rf7 33.
Rf1 Rf3 34. Rxe4 Qg6+ 35. Kxf3 Qh5+ 36. Rg4 Qh3+ 37. Ke4 h5 38. Rf4 Qe6+ 39.
Kd4 Qb6+ 40. Kc3 Qb3+ 41. Kd2 Qxb2+ 42. Ke1 Qc1+ 43. Qd1 Qb2 44. Rf8+ Kh7 45.
Qxh5# 1-0

[Event "4NCL Division Four"]
[Site "Daventry, ENG"]
[Date "2022.11.06"]
[Round "2.83"]
[White "Woods, Timothy J"]
[Black "Flynn, David"]
[Result "1/2-1/2"]
[WhiteElo "1634"]
[BlackElo "1854"]
[PlyCount "58"]
[EventDate "2022.11.06"]
[WhiteTeam "Sussex Martlets 3"]
[BlackTeam "Ashfield 2"]

1. e4 c5 2. Nf3 Nc6 3. d4 cxd4 4. Nxd4 g6 5. c4 Nf6 6. Nc3 Bg7 7. Be3 d6 8. Be2
O-O 9. O-O Bd7 10. f3 Nxd4 11. Bxd4 a5 12. Qd2 Bc6 13. Rac1 a4 14. b4 axb3 15.
axb3 Qa5 16. Rb1 Qb4 17. Rfd1 Rfc8 18. Nd5 Nxd5 19. exd5 Qxd2 20. Rxd2 Bxd4+
21. Rxd4 Bd7 22. Rd2 Bf5 23. Rc1 Ra3 24. Rb2 Ra5 25. Rd1 Rca8 26. b4 Ra2 27.
Rdd2 Rxb2 28. Rxb2 Ra1+ 29. Kf2 b6 1/2-1/2

[Event "4NCL Division Four"]
[Site "Daventry, ENG"]
[Date "2022.11.06"]
[Round "2.84"]
[White "Hardman, Daniel"]
[Black "Blades, Kit"]
[Result "1/2-1/2"]
[WhiteElo "1771"]
[BlackElo "1627"]
[PlyCount "131"]
[EventDate "2022.11.06"]
[WhiteTeam "Ashfield 2"]
[BlackTeam "Sussex Martlets 3"]

1. e4 c5 2. Nc3 e6 3. Nge2 Nc6 4. g3 d5 5. exd5 exd5 6. d4 cxd4 7. Nxd4 Bc5 8.
Nb3 Bb4 9. Bd2 Nf6 10. a3 Bxc3 11. Bxc3 O-O 12. Be2 Bh3 13. Qd3 Ne4 14. f3 Nxc3
15. Qxc3 Re8 16. Kf2 d4 17. Qc5 Re5 18. Qc4 Qb6 19. Bd3 Be6 20. Qb4 Re3 21. Nd2
Ne5 22. Rhe1 Bh3 23. Nc4 Nxc4 24. Qxc4 Rae8 25. Qb5 Qe6 26. Be4 Bg4 27. Rxe3
dxe3+ 28. Ke2 Re7 29. Qg5 Qd7 30. Qxe3 Be6 31. Bd3 Bd5 32. Kf2 Re8 33. Qf4 Qh3
34. Qh4 Qxh4 35. gxh4 Kf8 36. Rd1 Bc6 37. Rg1 h6 38. Rg4 Rd8 39. Rf4 Ke7 40.
Ke3 Rd7 41. h5 Rd5 42. Rh4 Re5+ 43. Kf2 Kf6 44. Rf4+ Ke7 45. Rf5 Rxf5 46. Bxf5
Kf6 47. Be4 Bxe4 48. fxe4 Kg5 49. Kg3 Kxh5 50. c4 Kg5 51. h4+ Kf6 52. Kf4 g5+
53. hxg5+ hxg5+ 54. Ke3 Ke5 55. b4 g4 56. c5 f5 57. exf5 Kxf5 58. Kf2 Ke4 59.
Kg3 Kd4 60. Kxg4 Kc4 61. Kf5 a5 62. Ke5 axb4 63. axb4 Kxb4 64. Kd6 Kc4 65. Kc7
Kxc5 66. Kxb7 1/2-1/2

[Event "4NCL Division Four"]
[Site "Daventry, ENG"]
[Date "2022.11.06"]
[Round "2.85"]
[White "Holmes, Adam Rafael"]
[Black "Levens, David G"]
[Result "1/2-1/2"]
[WhiteElo "1430"]
[BlackElo "1823"]
[PlyCount "72"]
[EventDate "2022.11.06"]
[WhiteTeam "Sussex Martlets 3"]
[BlackTeam "Ashfield 2"]

1. d4 d5 2. c4 e5 3. dxe5 d4 4. Nf3 Nc6 5. Bf4 Nge7 6. e3 Ng6 7. a3 a5 8. Bd3
dxe3 9. fxe3 Bg4 10. O-O Ngxe5 11. Bxe5 Nxe5 12. Be2 Qxd1 13. Rxd1 Nxf3+ 14.
Bxf3 Bc8 15. Nc3 c6 16. Ne4 Be7 17. Nd6+ Bxd6 18. Rxd6 O-O 19. Rad1 Bf5 20. h3
Rae8 21. Kf2 Re7 22. g4 Be6 23. b3 g5 24. Rd8 a4 25. bxa4 Bxc4 26. Rxf8+ Kxf8
27. Rd8+ Kg7 28. Ra8 Ba6 29. Bxc6 Rc7 30. Bb5 Rc3 31. Bxa6 bxa6 32. Rxa6 Rxa3
33. Ra8 Ra2+ 34. Kf3 Rh2 35. a5 Rxh3+ 36. Ke4 Rg3 1/2-1/2

[Event "4NCL Division Four"]
[Site "Daventry, ENG"]
[Date "2022.11.06"]
[Round "2.86"]
[White "Graham, Neil"]
[Black "Freeman, Luke"]
[Result "1-0"]
[WhiteElo "1801"]
[BlackElo "1443"]
[PlyCount "67"]
[EventDate "2022.11.06"]
[WhiteTeam "Ashfield 2"]
[BlackTeam "Sussex Martlets 3"]

1. d4 Nf6 2. f3 d5 3. e4 dxe4 4. Nc3 exf3 5. Nxf3 g6 6. Bc4 Bg7 7. O-O Bg4 8.
Be3 c6 9. Bxf7+ Kf8 10. Bb3 Nbd7 11. h3 Bxf3 12. Qxf3 Ke8 13. Rad1 Rf8 14. Qe2
Nh5 15. Rxf8+ Kxf8 16. Qf3+ Nhf6 17. g4 g5 18. Bxg5 Ke8 19. Be3 e6 20. g5 Nd5
21. Nxd5 cxd5 22. Qh5+ Kf8 23. Qxh7 Qe7 24. Rf1+ Ke8 25. Qg6+ Kd8 26. Rf7 Qd6
27. Kg2 Bf8 28. Bf4 Qc6 29. Qg8 Ke8 30. g6 e5 31. Bxe5 Qa6 32. Kf2 Qa5 33. c3
Qd8 34. Rxf8+ 1-0

[Event "4NCL Division Four"]
[Site "Daventry, ENG"]
[Date "2022.11.06"]
[Round "2.91"]
[White "Balasundaram, Sivasatyan"]
[Black "Venables, Simon"]
[Result "0-1"]
[WhiteElo "1826"]
[BlackElo "1821"]
[PlyCount "96"]
[EventDate "2022.11.06"]
[WhiteTeam "Cambridge University Y1"]
[BlackTeam "War and Piece B"]

1. c4 g6 2. Nc3 Bg7 3. Nf3 c5 4. g3 Nc6 5. a3 Nf6 6. Bg2 O-O 7. Rb1 d5 8. cxd5
Nxd5 9. Qc2 e5 10. d3 h6 11. O-O Be6 12. Ne4 b6 13. b4 Nd4 14. Nxd4 cxd4 15.
Bb2 Rc8 16. Qa4 Qe7 17. Rbc1 h5 18. Rxc8 Rxc8 19. Rc1 Rxc1+ 20. Bxc1 Qc7 21.
Qe8+ Bf8 22. Bh6 Qe7 23. Qb8 a5 24. bxa5 bxa5 25. a4 f6 26. Qa8 Nc3 27. Bxf8
Qxf8 28. Qc6 Qc8 29. Qxc8+ Bxc8 30. Nxc3 dxc3 31. Bd5+ Kf8 32. Bb3 Be6 33. Bc2
Ke7 34. Kg2 Kd6 35. Kf3 Bg4+ 36. Ke3 Kc5 37. f4 Bd7 38. fxe5 fxe5 39. Ke4 Kb4
40. Kxe5 Bxa4 41. Bb1 c2 42. Bxc2 Bxc2 43. d4 a4 44. d5 a3 45. d6 Ba4 46. e4 a2
47. Ke6 a1=Q 48. e5 Qd4 0-1